Tríptico del sacrificio: Unamuno, García Lorca, Machado

Guardat en:
Dades bibliogràfiques
Autor principal: Torre, Guillermo de (Autor)
Format: Llibre
Idioma:espanyol
Publicat: Buenos Aires Losada 1948
Col·lecció:Biblioteca Contemporánea, 210
Matèries:
Etiquetes: Afegir etiqueta
Sense etiquetes, Sigues el primer a etiquetar aquest registre!

MARC

LEADER 00000nam a2200000 a 4500
001 UCX3590
003 CL-VaPUC
008 911115e19480000AG |||||||||||||||||spa|d
082 0 4 |a 864  |b TOR  |2 21 
100 0 |a Torre, Guillermo de  |e author  |9 319773 
245 1 0 |a Tríptico del sacrificio: Unamuno, García Lorca, Machado 
300 |a 148 p 
942 |c BK 
945 |d 19911115 00:00:00 
260 |a Buenos Aires  |b Losada  |c 1948 
650 0 |a Ensayos españoles  |9 313128 
583 |a last modification  |c 19911115 00:00:00  |k Rodrigo Vera 
490 0 |a Biblioteca Contemporánea, 210 
999 |c 224309  |d 224307 
952 |0 0  |1 0  |4 0  |6 864_000000000000000_TOR_1948  |7 0  |8 A  |9 220852  |a BIBEDU  |b BIBEDU  |d 2019-11-15  |i 2895943  |o 864 TOR 1948  |p 2895943  |r 2019-11-15  |w 2019-11-15  |y BK  |k LIT 
952 |0 0  |1 0  |4 0  |6 864_000000000000000_TOR_1948  |7 0  |8 A  |9 220853  |a BIBEDU  |b BIBEDU  |d 2019-11-15  |i 3169618  |o 864 TOR 1948  |p 3169618  |r 2019-11-15  |w 2019-11-15  |y BK  |k LIT